000 00551nam a2200181Ia 4500
008 090123s9999 xx 000 0 und d
082 _b3816
_a891.463/कानिट
100 _aकानिटकर माधव
245 _aद्वंदगीत
250 _a1
260 _bविशाखा प्रकाशन
_c1974
300 _a99
600 _aकानिटकर माधव
630 _aद्वंदगीत
700 _aकानिटकर माधव
730 _aद्वंदगीत
942 _cBOOK
999 _c41892
_d41892